Normas de Auditora̕, para Atestiguar, Revisin̤ y Otros Servicios Relacionados

Detalles Bibliográficos
Autor principal: Garca̕ Nares, Azucena
Formato: eBook
Lenguaje:español
Publicado: Ciudad de Mx̌ico: Instituto Mexicano de Contadores Pb︢licos, 2019
Materias:
Acceso en línea:Acceso restringido

MARC

LEADER 00000nam a22000007a 4500
005 20190806233454.0
007 cr|||| |||
008 190806s2019 mx |||||s|||| 00||0 spa d
020 |a 978-607-8628-38-4 
035 |a 23917 
040 |a vLex 
090 |c 9113  |d 9113 
100 1 |a Garca̕ Nares, Azucena 
245 1 0 |a Normas de Auditora̕, para Atestiguar, Revisin̤ y Otros Servicios Relacionados  |h [Recurso electrn̤ico] /  |c Azucena Garca̕ Nares 
256 |a Servicio en ln̕ea 
260 |a Ciudad de Mx̌ico:  |b Instituto Mexicano de Contadores Pb︢licos,  |c 2019 
300 |a 1 recurso electrn̤ico 
500 |a El Instituto Mexicano de Contadores Pb︢licos, A.C. (IMCP) adopt ̤en forma integral las Normas Internacionales de Auditora̕ (ISA, por sus siglas en inglš), apartir de los ejercicios contables que iniciaron el 1 de enero de 2012, por lo cual quedaron abrogadas las Normas de Auditora̕ Generalmente Aceptadas. En esta novena edicin̤ de Normas de Auditora̕, para Atestiguar, Revisin̤ y Otros Servicios Relacionados, el IMCP realiz ̤un trabajo de compilacin̤ de la traduccin̤ al espaǫl de las Normas Internacionales de Auditora̕ (NIA), emitidas por la International Federation of Accountants (IFAC), en su versin̤ ms̀ reciente que, adems̀, presenta la incorporacin̤ de las Modifi caciones de concordancia, desde septiembre de 2013 a la fecha; es decir, este libro representa la traduccin̤ autorizada por la IFAC del Handbook of International Quality Control, Auditing, Review, Other Assurance, and Related Services Pronouncements, volumen I, locual permite estar a la vanguardia y en sincrona̕ con las publicaciones emitidas por la IFAC, ya que todo el contenido de las NIA que forma parte de esa edicin̤ aparece en esta nueva publicacin̤ del IMCP, respetando las normas vigentes y aquellas que entrarǹ en vigor. Asimismo, incluye los siguientes documentos importantes para desempeąr la profesin̤ de los Contadores Pb︢licos: Prefacio; Marco de referencia para trabajos de aseguramiento; Normas Internacionales de Auditora̕ (NIA); Tabla de equivalencias; Norma de Control de Calidad aplicable a las fi rmas de Contadores Pb︢licos que llevan a cabo auditora̕s y revisiones de informacin̤ fi nanciera, trabajos para atestiguar y otros servicios relacionados, que est ̀basada en la norma emitida por la IFAC y Glosario de třminos actualizado y aprobado por la IFAC. De esta manera, el IMCP, mediante disposiciones de carc̀ter normativo, ofrece un aporte tangible a la profesin̤ en general, a los estudiantes de nuestra carrera, a los docentes y, por supuesto, a toda la comunidad que hace negocios en nuestro pas̕. 
506 1 |a Disponible solo en los productos indicados  |d vLex Global  |d vLex Global (Academic Edition, excluding Law Schools)  |d vLex Global (U.S. Academic Edition, Law Schools)  |d vLex Global (U.S. Academic Edition, excluding Law Schools)  |d vLex Global (Academic Edition, Law Schools) 
650 0 4 |a Inspeccin̤ tributaria  |z Mx̌ico 
740 0 |a vLex Libros (Servicio en ln̕ea) 
856 4 0 |u http://vlex.com/source/normas-de-auditoria-para-atestiguar-revision-y-otros-servicios-relacionados-23917  |z Acceso restringido 
942 |c BOOK 
999 0 |a Tax inspection